| 000 | 00519nam a2200205 a 4500 | ||
|---|---|---|---|
| 005 | 20240911064120.0 | ||
| 008 | 991125s1982 bar 000 0 spa u | ||
| 020 | _a8433530194 | ||
| 035 | _aUPN01000006458 | ||
| 049 | _aCG | ||
| 050 | 4 |
_aHD1521 _bW6.28 1982 |
|
| 100 | 1 | _aWolf, Eric R. | |
| 245 | 1 | 4 |
_aLos campesinos / _cEric R. Wolf. |
| 250 | _a3a ed. | ||
| 260 |
_aBarcelona, Esp. : _bLabor, _c1982. |
||
| 300 | _a150 p. | ||
| 440 | 0 |
_aNueva colección labor ; _v126 |
|
| 650 | 2 |
_aCampesinos _979 |
|
| 905 | _aLibro | ||
| 999 |
_c6458 _d6458 |
||